000
00202 a2200097 4500
001
8491
100
_a
Kosar Niazi
245
_a
Naqash-e-Rahguzar
260
_a
_b
Jang Publisher
_c
090
_c
6843
_d
6843
942
_a
NUST-CAE
_c
M
_c
33426
999
_c
243564
_d
243564